00259nam a2200097Ia 4500008004100000020001800041100001900059245003900078260003000117300001400147180517s9999 xx 000 0 und d a9780753512999 aCrandell, Doug 4aThe flawless skin of ugly people / aUSA :bVirgin booksc2007 a211 pages